1013 1215 1252 1678 1455 1814 1349 1271 1667 1187 1193 1754 1457 1989 1850 1550 1222 1878 1793 1107 1296 1564 1821 1798 1777 1148 1971 1700 1829 1780 1605 1541 1095 1302 1973 1136 1329 1915 1535 1638 1698 1282 1687 1096 1670 1193 1206 1102 1152 1190 1815 1395 1026 1294 1022 1874 1718 1388 1137 1920 1359 1083 1849 1867 1591 1127 1383 1549 1832 1972 1776 1573 1001 1898 1444 1948 1932 1369 1216 1782 1293 1212 1430 1086 1605 1114 1905 1874 1648 1044 1589 1896 1022 1301 1502 1044 1991 1472 1017 BCNSPRNW ULIB Ver.6.0+V

เปลี่ยนเป็นภาษาไทย

Change to English
 แสดงรายละเอียดบรรณานุกรม
  กลับหน้าหลัก

Brief Record : Get Marc (ISO 2709) : E-mail record : QR code < ปิดหน้าต่าง
LEADER : 00000nam 2200000uu 4500
001    13399112678
003     ULIB
008    110901s2544||||th 000 0 tha d
020    9748838285
050 04 LA1221^bป135ร 2544
245 00 รายงานเพื่อการปฏิรูปการศึกษา /^cสำนักงานปฏิรูปการศึกษา
260    กรุงเทพฯ :^bสำนักงานปฏิรูปการศึกษา,^c2544
300    เล่ม :^bแผนภูมิ ;^c26 ซม
610 27 กระทรวงการศึกษา ศาสนา และวัฒนธรรม
650  7 การปฏิรูปการศึกษา^zไทย
650  7 พระราชบัญญัติการศึกษาแห่งชาติ พ.ศ. 2542
650  7 กฎหมายการศึกษา^zไทย
650  7 การศึกษา^zไทย
710 2  สำนักงานปฏิรูปการศึกษา
945    ^p0^l0^i014388
995    ทศพร
999 ^a ทศพร
รายการนี้ยังไม่มีแท็ก
คุณยังไม่ได้ล็อกอิน คุณสามารถมีกิจกรรมร่วมกับเว็บไซต์ได้ แต่ต้องล็อกอินก่อน ::
  ล็อกอิน

รายการสื่อสารสนเทศ

ลำดับที่ ประเภท เลขเรียก/บาร์โค้ด สถานที่ สถานะ
- ไม่พบข้อมูล -

BibComment


ยังไม่เคยถูกคอมเมนท์

คอมเมนท์ทรัพยากรรายการนี้
  คอมเมนท์: รายงานเพื่อการปฏิ..


 Copyright 2026. Bcnsprnw @Library